ბათუმის შოთა რუსთაველის სახელმწიფო უნივერსიტეტის ბიბლიოთეკა

უსაფუძვლო გამდიდრება : (2005-2018 წლის I ნახევარი) : (ბიბ.ჩანაწერი № 58476)

000 -ლიდერი
ფიქსირებული სიგრძის საკონტროლო ველი 02030nam a22002537a 4500
003 - საკონტროლო ნომრის იდენტიფიკატორი
საკონტროლო ველი Ge_BSU
005 - ბოლო ოპერაციის თარიღი და დრო
საკონტროლო ველი 20220325100756.0
008 - ფიქსირებული სიგრძის მონაცემთა ელემენტები - ზოგადი ინფორმაცია
ფიქსირებული სიგრძის საკონტროლო ველი 220325s2019 ge ||||| |||| 00| 0 geo d
020 ## - წიგნის საერთაშორისო სტანდარტული ნომერი
International Standard Book Number 9789941809095
041 ## - ენის კოდი
Language code of text/sound track or separate title geo
080 ## - უნივერსალური ათობითი კლასიფიკაციის ინდექსი
Universal Decimal Classification number 347.992 ა-96
100 ## - მთავარი ჩანაწერი - პიროვნების სახელი
Personal name ახალაძე, მაია.
9 (RLIN) 13618
245 ## - ცნობა სათაურის შესახებ
Title უსაფუძვლო გამდიდრება : (2005-2018 წლის I ნახევარი) :
Remainder of title საქართველოს უზენაესი სასამართლოს სამოქალაქო საქმეთა პალატის პრაქტიკის ანალიზი /
Statement of responsibility, etc მაია ახალაძე ; რედაქტორი სანდრო ჯორბენაძე ; საქართველოს უზენაესი სასამართლოს ეროვნული სასამართლო პრაქტიკის შესწავლისა და განზოგადების განყოფილება.
264 ## - წარმოების, გამოცემის, დისტრიბუციის და სხვა ცნობები
გამოცემის, წარმოების, დისტრიბუციის... ადგილი თბილისი,
გამოცემის, წარმოების, დისტრიბუციის... თარიღი 2019.
300 ## - ფიზიკური აღწერა
Extent 188 გვ. ;
Other physical details 20 სმ.
500 ## - ზოგადი შენიშვნა
General note ავტორი გარეკანზე აღნიშნული არ არის.
504 ## - BIBLIOGRAPHY, ETC. NOTE
Bibliography, etc ბიბლიოგრაფია ტექსტის შენიშვნებში.
653 ## - INDEX TERM--UNCONTROLLED
Uncontrolled term სააპელაციო სასამართლო
653 ## - INDEX TERM--UNCONTROLLED
Uncontrolled term სასამართლო სარჩელი
653 ## - INDEX TERM--UNCONTROLLED
Uncontrolled term ვალდებულებითი სამართალი.
700 ## - ADDED ENTRY--PERSONAL NAME
Personal name ჯორბენაძე, სანდრო
Relator term რედაქტორი
9 (RLIN) 7936
710 ## - ADDED ENTRY--CORPORATE NAME
Corporate name or jurisdiction name as entry element საქართველოს უზენაესი სასამართლო.
Subordinate unit ეროვნული სასამართლო პრაქტიკის შესწავლისა და განზოგადების განყოფილება.
9 (RLIN) 13619
942 ## - ADDED ENTRY ELEMENTS (KOHA)
Source of classification or shelving scheme
Koha item type წიგნი
ეგზემპლარები
ჩამოწერის სტატუსი დაკარგული ეგზემპლარის სტატუსი კლასიფიკაციის წყარო ან თაროზე გაწყობის სქემა დაზიანების სტატუსი არ გაიცემა მუდმივი მდებარეობა (დაცვის ადგილი) ამჟამინდელი ადგილსამყოფელი თაროზე განთავსების ადგილი შეძენის თარიღი ღირებულება, შესყიდვის ნორმალური ფასი სრული შენახვის შიფრი შტრიხკოდი ბოლო ოპერაციის თარიღი ეგზემპლარის მიმდევრობითი ნომერი (კეტერი?) ფასის ძალაში შესვლის თარიღი ეგზემპლარის სახეობა საჯარო შენიშვნა
          ბათუმის შოთა რუსთაველის სახელმწიფო უნივერსიტეტის მთავარი ბიბლიოთეკა ბათუმის შოთა რუსთაველის სახელმწიფო უნივერსიტეტის მთავარი ბიბლიოთეკა წიგნსაცავი 2022-03-25 8.00 347.992 ა-96 62205 2022-03-25 62205 2022-03-25 წიგნი 8 ლ.